000 00597nam a2200193Ia 4500
005 20260114185704.0
008 008 260114s9999 xx 000 0 eng d
020 _a9780755623822
037 _aEBOOK
040 _aCRL
_beng
_cCRL
041 _aeng
_2eng
084 _qCRL
100 _aLorna Waddington
_9873170
245 0 _aHitler's Crusade Bolshevism and the Myth of the International Jewish Conspiracy
260 _bBloomsbury
_c2007
856 _uhttps://doi.org/10.5040/9780755623822?locatt=label:secondary_bloomsburyCollections
942 _cEBOOK
999 _c1472118
_d1472118